000 00906nam a2200265 i 4500
001 186940
003 SpMaBN
005 20250815135212.0
008 170303q1957 sp a |||| |dspa d
080 _a75(493)"14/15"
100 1 _aGenaille, Robert.
_9161444
245 1 4 _aLos primitivos flamencos
_b: de Van Eyck a Bruegel /
_cpor Robert Genaille ; traducción de Elisabeth Mulder.
246 3 8 _aDe Van Eyck a Bruegel
260 _aMadrid :
_bBarcelona :
_bGarriga,
_c[ca. 1957]
300 _a147 p. :
_bil. col. y n. ;
_c24 cm.
490 1 _aColección "Pictura" ;
_v1
500 _aÍndices.
504 _aBibliografía: p. 143.
599 _aCon lám. col. y n. adheridas.
650 7 _aPintura flamenca
_2embne
_916046
700 1 _aMulder, Elisabeth.
_984098
830 0 _aColección "Pictura" ;
_v1
_9192706
852 _aES-MaACL
_jL-31183
_z- enc. tela
999 _c186940
_d186940